| 000 | 00000nam##2200000za#4500 |
| 001 | 9.643024 |
| 003 | CaOODSP |
| 005 | 20250129103526 |
| 007 | cr ||||||||||| |
| 008 | 150407|2014||||xxc|||||o f|0| 0 fre|d |
| 020 | |a978-0-660-21918-9 |
| 040 | |aCaOODSP|bfre |
| 043 | |an-cn--- |
| 086 | 1 |aEn56-243/2014F-PDF |
| 110 | 2 |aService météorologique du Canada. |
| 245 | 10|aCombustion résidentielle du bois - Projet d'échantillonnage des MP2,5, Whitehorse (Yukon), Hiver 2009 / |h[ressource électronique]|cpar Keith Jones, Peter Schwarzhoff, Andrew Teakles, Roxanne Vingarzan. |
| 260 | |aGatineau - Québec : |bEnvironnement Canada. |cc2014. |
| 300 | |a36p.|bfigures en couleur, références, tableaux |
| 590 | |a15-13|b2015-03-27 |
| 691 | 07|aPolluant|2gcpds |
| 775 | 08|tResidential wood combustion PM2.5 sampling project, Whitehorse, Yukon - Winter 2009 / |w(CaOODSP)9.699034 |
| 856 | 40|ahttp://publications.gc.ca|qPDF|s3.01 Mo|uhttps://publications.gc.ca/collections/collection_2015/ec/En56-243-2014-fra.pdf |